00618nam a22001937a 450000500170000001000150001702000260003203500130005803700130007108200140008410000150009824501160011325000120022926000470024127000730028830000270036150000190038870000170040720130910161614.0 aENG-108312 a9789350353455c525.00 aEN-91845 bDBAD/PUB a346.54086 aKumar,H.L.10aPractical guide to employees' state insurance :cby H.L. Kumar [and] Gaurav Kumarbact, rules and regulations / a12th ed aNew DelhibUniversal Law Publishing c2013 aC-FF-1A, Dilkhush Industrial Estate, G.T. Karnal RoadbDelhie110033 axlvii,512p.c24cm(pbk) aIncludes index aGaurav Kumar